Statistiques concernant Culture Générale - Série 812

Cliquez ici pour prendre le quiz!

Statistiques générales

  • Ce quiz a été pris 103 fois
  • Le résultat moyen est 6 sur 10

Statistiques - réponses

QuestionRéponse% Correct
Quelle était la nationalité du ténor Luciano Pavarotti ?Italienne
92%
Quelle langue parle un lusophone ?portugais
79%
Dans quelle capitale européenne peut-on voir l'ancien point de passage : "Checkpoint Charlie" ?Berlin
73%
Dans le dessin animé "Bernard et Bianca au pays des kangourous", dans quel pays les deux souris doivent-elles se rendre pour délivrer Cody ?Australie
61%
Dans le film d'animation "Les 101 Dalmatiens", sorti en 1961, dans quelle ville Roger tombe-t-il sous le charme d'Anita ?Londres
60%
Qu'est-ce qu'un zef ?vent
52%
Dans quel pays européen se trouve la ville d'Oulu ?Finlande
50%
Quel type de chaussures de toile est associé au personnage de Gaston Lagaffe ?espadrilles
37%
En 1990, comment se prénomme la méchante sorcière du film d'animation Disney "La Petite Sirène" ?Ursula
28%
Dans quel pays européen se trouve le lac Ilmen ?Russie
26%

Distribution des résultats

Percentile par nombre de réponses

% des personnes avec chaque résultat

Votre développement - résultats

Vous n’avez pas pris ce quiz